00370nam a2200157Ia 4500003000400000005001700004008004100021040000700062041000800069082002100077100001500098245003500113260004500148300001100193365000800204OSt20230531163650.0210423s1981 xx 000 0 und d cAL aeng a304.6 223bDASC aDAS (B K). aCenus of india 1981 karnataka. aBangalorebIndian Social Institutec1981 a34bPB cINR